Sai nominare i fiumi più lunghi Italiani? - Statistics

Statistiche generali
  • Questo quiz è stato fatto 102 volte
  • Il punteggio medio è 7 su 10
Statistiche sulle risposte
Hint Risposta % Corretto
652km Po
100%
406km Tevere
92%
241km Arno
86%
410km Adige
80%
313km Adda
64%
220km Piave
61%
280km Oglio
48%
212km Reno
46%
276km Tanaro
46%
178km Tagliamento
40%
Nessun quiz corrispondente trovato
Distribuzione punteggi
Percentuale di utenti per punteggio
Percentile per numero di risposta
I tuoi punteggi nel tempo
Non hai fatto questo quiz